| 000 | 00737nam a2200169 a 4500 | ||
|---|---|---|---|
| 008 | 120416s1991 ||||||||||||||||| || u | ||
| 050 | _aIBRD(058)S6 | ||
| 110 | _aWorld Bank | ||
| 245 | 1 | 0 | _aSocial indicators of development |
| 260 |
_aBaltimore _bThe John Hopkins University Press _c1991 |
||
| 300 | _axv, 357p. : ill. | ||
| 350 | _a0.00 | ||
| 500 | _aLibrary Holding: 1990, 1991 - 92 | ||
| 650 | _aSocial indicators | ||
| 995 |
_aSPECIAL COLLECTIONS _D0.00 _e024940 _FCBU-MAIN LIBRARY (Kitwe) _H1 _I0.00 _jIBRD(058)S6/1992 _M2 _UAVAILABLE _WApr 18, 2008 _y024940 _ZInternational Publications |
||
| 995 |
_aSPECIAL COLLECTIONS _D0.00 _e024815 _FCBU-MAIN LIBRARY (Kitwe) _H1 _I24.95 _jIBRD(058)S6/1990 _M1 _UAVAILABLE _y024815 _ZInternational Publications |
||
| 999 |
_c76579 _d76579 |
||